000
00245nam a2200097Ia 4500
001
819018
005
20250826171805.0
008
250824s9999 xx 000 0 und d
245
0
_a
SÜPER EKONOMİ-K3
_c
ASENA MERİÇ
260
_b
YEDİVEREN YAYINLARI
999
_c
819018
_d
819018